000
00343pam a2200157a 44500
008
230515b2014 xxu||||| |||| 00| 0 eng d
020
_a
NULL
041
_a
ENGLISH
082
_a
BHA
100
_a
BHARDWAJ R. C.
245
_a
HYDRAULIC ENGG. REPORT
250
_a
NULL
260
_a
PUNE
_b
N/A
_c
2014
300
_a
15 -PB
650
_a
NULL
999
_c
661954
_d
661954